000 01112pam a2200373 a 4500
001 8359
003 FISKH
005 20250910091032.0
008 920430s1993 caua j 000 1 eng
010 _a 92016439
020 _a0152802177 :
_c$14.95
020 _a9780152802172
020 _a9780590483797
035 _a2031426
040 _aDLC
_cDLC
_dDLC
_beng
042 _alcac
050 _aPZ10.C1685 S
082 _a 813
100 1 _aCannon, Janell,
_d1957-
245 1 0 _aStellaluna /
_cJanell Cannon.
260 _aSan Diego :
_bHarcourt Brace Jovanovich,
_c1993.
300 _a46 unnumbered pages :
_bcolor illustrations ;
_c23 cm
505 _aN
520 _aAfter she falls headfirst into a bird's nest, a baby bat is raised like a bird until she is reunited with her mother.
521 8 _a550
_bLexile AD
521 8 _aN
_bRaz-Plus
650 0 _aBats
_xJuvenile fiction.
650 0 _aBirds
_xJuvenile fiction.
650 1 _aBats
_xFiction.
650 1 _aBirds
_xFiction.
906 _a7
_bcbc
_corignew
_d1
_eocip
_f19
_gy-gencatlg
942 _2ddc
_cBK
_n0
999 _c8359
_d8359